000 00791nam a22001937a 4500
999 _c60099
_d60099
003 Ge_BSU
005 20230608115421.0
008 230608s1993 ge ||||| |||| 00| 0 geo d
020 _a5511005533
041 _ageo
080 _a378.4(479.22-25) მ-59
100 _aმეტრეველი, როინ.
_918566
245 _aტაძარი /
_cროინ მეტრეველი; რედაქტორი: გ. სალიაშვილი.
264 _aთბილისი:
_bთბილისის უნივერსიტეტის გამომცემლობა,
_c1993.
300 _a95გვ.;
_b17 სმ.
653 _aტაძარი
700 _aსალიაშვილი, გ.
_eრედაქტორი
_91216
942 _2udc
_cBK